Communicating at work : Principles and practices for business and the professions
Contents: basics of business and professional communication, personal skills, working in groups, making effective presentations.
שמור ב:
| מחבר ראשי: | |
|---|---|
| פורמט: | ספר |
| שפה: | Vietnamese |
| יצא לאור: |
Boston
McGraw Hill
1992
|
| מהדורה: | 4th ed. |
| נושאים: | |
| תגים: |
הוספת תג
אין תגיות, היה/י הראשונ/ה לתייג את הרשומה!
|
| Thư viện lưu trữ: | Thư viện Trường Đại học Nam Cần Thơ |
|---|
| LEADER | 00940nam a22002177a 4500 | ||
|---|---|---|---|
| 001 | NCT_79051 | ||
| 008 | 200427b xxu||||| |||| 00| 0 vie d | ||
| 999 | |c 3862 |d 3862 | ||
| 020 | |a 0070004544 | ||
| 082 | 0 | 4 | |2 23rd ed. |a 658.45 |b A237 |
| 100 | 1 | |a Adler, Ronald B. | |
| 245 | 1 | 0 | |a Communicating at work : |b Principles and practices for business and the professions |c Ronald B. Adler |
| 250 | |a 4th ed. | ||
| 260 | |a Boston |b McGraw Hill |c 1992 | ||
| 300 | |a xiii, 465 p. |b ill. |c 24cm | ||
| 504 | |a Includes bibliographical references and index | ||
| 520 | 3 | |a Contents: basics of business and professional communication, personal skills, working in groups, making effective presentations. | |
| 653 | |a Quản trị kinh doanh | ||
| 942 | |2 ddc |c BK | ||
| 952 | |0 0 |1 0 |2 ddc |4 0 |6 658_450000000000000_A237 |7 0 |9 19492 |a 000001 |b 000001 |d 2020-04-27 |o 658.45 A237 |p MD.17108 |r 2020-04-27 |w 2020-04-27 |y BK | ||
| 980 | |a Thư viện Trường Đại học Nam Cần Thơ | ||


